[Event "Collado Villalba 64 op 7th"]
[Site "Collado Villalba"]
[Date "2019.08.01"]
[Round "4"]
[White "Hernandez Tadeo, Gabriel"]
[Black "Higuera De Frutos, Santiago"]
[Result "1-0"]
[WhiteElo "1343"]
[BlackElo "1205"]
[PlyCount "61"]
[EventDate "2019.07.29"]
[EventType "swiss"]
[EventRounds "9"]
[EventCountry "ESP"]
[SourceTitle "CBM 195 Extra"]
[Source "ChessBase"]
[SourceDate "2020.05.31"]
[SourceVersion "1"]
[SourceVersionDate "2020.05.31"]
[SourceQuality "1"]

1. e4 c5 2. Nf3 d6 3. d4 cxd4 4. Nxd4 Nf6 5. Nc3 a6 6. Be2 Nc6 7. Be3 Nxd4 8. Qxd4 e5 9. Qd2 Be7 10. f4 0-0 11. f5 b5 12. Bf3 Rb8 13. g4 d5 14. exd5 Ne8 15. Ne4 Bb7 16. 0-0-0 f6 17. h4 Rc8 18. g5 Nd6 19. gxf6 Bxf6 20. Nxd6 Qxd6 21. Bg5 b4 22. Rhg1 Kh8 23. h5 Bxg5 24. Rxg5 h6 25. Rg6 Rf6 26. Rdg1 Rxg6 27. Rxg6 Qf8 28. f6 Rc7 29. d6 gxf6 30. dxc7 Bxf3 31. Qd8 1-0